The dynamics of school and work in rural Bangladesh (Record no. 291751)

000 -LEADER
fixed length control field 00522cam a22001457a 4500
008 - FIXED-LENGTH DATA ELEMENTS--GENERAL INFORMATION
fixed length control field 180718b2004 xxu||||| |||| 00| 0 eng d
100 ## - MAIN ENTRY--PERSONAL NAME
Personal name Canals-Cerda, Jose
245 ## - TITLE STATEMENT
Title The dynamics of school and work in rural Bangladesh
Statement of responsibility, etc. by Jose Canals-Cerda and Cristobal Ridao-Cano
260 ## - PUBLICATION, DISTRIBUTION, ETC.
Place of publication, distribution, etc. Washington, D.C.
Name of publisher, distributor, etc. World Bank
Date of publication, distribution, etc. 2004
300 ## - PHYSICAL DESCRIPTION
Extent 48p.
440 ## - SERIES STATEMENT/ADDED ENTRY--TITLE
Title Policy research working paper; no. 3330
650 ## - SUBJECT ADDED ENTRY--TOPICAL TERM
Topical term or geographic name entry element Education --Bangladesh.
650 ## - SUBJECT ADDED ENTRY--TOPICAL TERM
Topical term or geographic name entry element Rural children --Employment --Bangladesh
700 ## - ADDED ENTRY--PERSONAL NAME
Personal name Ridao-Cano, Cristobal
Holdings
Withdrawn status Lost status Damaged status Not for loan Permanent Location Current Location Date acquired Barcode Date last seen Price effective from Koha item type
        Indian Institute of Public Administration Indian Institute of Public Administration 2005-04-29 WB10404 2018-07-20 2018-07-20 WB

Powered by Koha